| 000 | 01055nam a2200229Ia 4500 | ||
|---|---|---|---|
| 001 | L150-1241 | ||
| 003 | IT-CnALBA | ||
| 008 | 170116s9999||||xx |||||||||||||| ||und|| | ||
| 040 |
_aIT-CnALBA _cIT-CnALBA |
||
| 041 | _aITALIANO | ||
| 100 | _aEYMIEU ANTONIN | ||
| 245 | 0 | _aGOVERNO (IL) DI SE STESSO. VOL. IV. LA LEGGE DELLA VITA. | |
| 250 | _a1a ed. | ||
| 260 |
_aCINISELLO BALSAMO (MI) _bEDIZIONI PAOLINE _c1958 [1° Ed.: n.d.] |
||
| 300 | _a290 p. | ||
| 500 | _aTRADUZIONE DAL FRANCESE DI ROSADONI LUIGI. LA LEGGE DELLA BESTIA. LA LEGGE DELL'UOMO. LA LEGGE DELLA VITA. LA LEGGE MORALE. IL BENE E IL MALE. PROSPETTIVA FILOSOFICA PSICOLOGICA TEOLOGICA. | ||
| 501 | _aSocietà San Paolo EM - Piazza San Paolo, 14 - 12051 ALBA (CN) (non commercial uses only) ® Copyright 2017 | ||
| 520 | _aTRADUZIONE DAL FRANCESE DI ROSADONI LUIGI. LA LEGGE DELLA BESTIA. LA LEGGE DELL'UOMO. LA LEGGE DELLA VITA. LA LEGGE MORALE. IL BENE E IL MALE. PROSPETTIVA FILOSOFICA PSICOLOGICA TEOLOGICA. | ||
| 650 | _aPSICOLOGIA | ||
| 942 | _cBK | ||
| 957 | _71 | ||
| 999 |
_a2232 _bNO _g Copie: 1 _c260469 _d260469 |
||